000 00777cam a22001814a 4500
005 20250605164356.0
008 250528s ||||||||||||||||||||||||d
035 _a24346
040 _aGR-AtMCL
_bgre
_dGR-AtMCL
_eAACR2
245 1 _aΗ Αγκαλιά / Σύλλογος Προστασίας Αγέννητου Παιδιού
260 _bΣύλλογος Προστασίας Αγέννητου Παιδιού - Η Αγκαλιά,
_c2012
300 _a18
520 _aΤο Σπίτι της Αγκαλιάς, Ετήσιος Απολογισμός 2011, Μάνα: Αστείρευτη Πηγή Αγάπης, Ο Φόβος του Αποχωρισμού.
700 1 _aΜεταλληνού Βαρβάρα
_99450
942 _cCR
999 _c9234
_d9234